Riconosci lo Stato - Quiz n°145 - Statistics

Statistiche generali
  • Questo quiz è stato fatto 32 volte
  • Il punteggio medio è 12 su 13
Statistiche sulle risposte
Indizio Risposta % Corretto
Iniziale della Capitale S
96%
Primo ministro Talat Xhaferi
96%
Popolazione 1.832.696 ab.
92%
Superficie 25.713 km²
92%
Indipendenza dalla Jugoslavia, 25 settembre 1991
92%
Presidente della Repubblica Stevo Pendarovski
92%
Fuso Orario UTC +1 ora legale: UTC+2
92%
Valuta Dinaro
88%
Forma di Governo Repubblica parlamentare
88%
Tasso di crescita 0,15%
85%
ISU 0,770
81%
PIL (nominale) 9 630 milioni di $
81%
Risposta Macedonia del Nord
81%
Nessun quiz corrispondente trovato
Distribuzione punteggi
Percentuale di utenti per punteggio
Percentile per numero di risposta
I tuoi punteggi nel tempo
Non hai fatto questo quiz